00691nam a2200241 a 4500001001300000003000900013005001700022008004100039020002300080082001700103100001900120245001900139260003200158300000900190500003500199505001000234650002400244700001900268902000800287942000700295952013000302999001700432nice12345678IN_TiNIC20260116014823.0050524s1995 newa grp 000 0 eng  a0069594 c68300a891.551bBAR aBarks, Coleman aEssential Rumi aNew York bHarperone c1995 a310p aincludes index and biblioraphy2 aIndex aPersian Poetry-Rumi1 aBarks, Coleman bSRS cBK 001040708StackRoom-aHMIbHMId2010-06-23g683.00l1o891.551 BARp020516r2019-05-07s2019-04-29v683.00w2005-05-24yBK c17133d17133